Strictly 4 The Scythe Tracklist (Denzel Curry & The Scythe) - Statistics

General Stats
  • This quiz has been taken 13 times
  • The average score is 7 of 8
Answer Stats
Hint Answer % Correct
Strictly 4 The Scythe 2 LIT EFFECT (feat. LAZER DIM 700) Denzel Curry & Bktherula
100%
Strictly 4 The Scythe 4 MUTT THAT BIH (feat. 1900Rugrat) Denzel Curry & Key Nyata
100%
Strictly 4 The Scythe 3 PHONY (feat. Juicy J) Denzel Curry, Key Nyata & A$AP Ferg
100%
Strictly 4 The Scythe 1 THE SCYTHE Denzel Curry, Tia Corine & A$AP Ferg
100%
Strictly 4 The Scythe 8 UP (feat. Rich The Kid, Sadboi) Denzel Curry & A$AP Ferg
100%
Strictly 4 The Scythe 5 HOOPTY (feat. Smino) Denzel Curry & TiaCorine
80%
Strictly 4 The Scythe 7 TAN Bktherula & TiaCorine
80%
Strictly 4 The Scythe 6 YOU AINT GOTTA LIE (feat. 454, Luh Tyler) Denzel Curry
60%
No matching quizzes found
Score Distribution
Percent of People with Each Score
Percentile by Number Answered
Your Score History
You have not taken this quiz